LEADER 00967nam a2200241 u 4500 001 000000020720 003 CaOOAMICUS 005 20070226110931.0 008 950412s1959 it u000 u ita u 035 $a10507482 040 $aPUL$bita 245 03$aLa liturgia /$cPresentazione ed indici dei Monaci Benedettini di Solesmes. 260 $aRoma :$bEd. Paoline,$c1959. 300 $a546 p. ;$c19 cm 490 1 $aInsegnamenti pontifici ;$v8 650 4$aLiturgia.$0(OLS)http://pul/subject/2437 710 2 $aBenedettini.$bCongregazione di Francia (Solesmes).$0(OLS)http://pul/name/17965 830 0$aInsegnamenti pontifici ;$v8.$0(OLS)http://pul/title/29121 850 $aPUL 852 $aPUL$W1$xDP1 Fondo Pastorale$y55$mP2 A 52$j29125$nBK-PRI$b $qFondi$B29125$CPULBib$Z2$F29125 $H $81 941 1 $a1 996 $6245$aLa liturgia$9(OLS)http://pul/title/29125 996 $6260$aRoma :$bEd. Paoline$9(OLS)http://pul/publisher/48300 LEADER 01193nam a2200277 u 4500 001 000000020622 003 CaOOAMICUS 005 20070226110924.0 008 950320s1978 vc u000 u lat u 035 $a10504325 040 $aPUL(R)$bita 100 0 $aPaulus PP.$bVI,$cs.,$d1897-1978.$0(OLS)http://pul/name/1432 245 10$aAllocutiones Summi Pontifici Pauli VI ad patres synodales. 260 $aE Civitate Vaticana :$btypis polyglottis vaticanis,$c1978. 300 $a15 p. ;$c26 cm 504 $aBibliografia in nota. 850 $aPUL 852 $aPUL$W1$xSL Religione 1$y3$m30 M 17(int.3)$j28968$nBK-PRI$b $qStampati$B28968$CPULBib$Z2$F28968 $H $81 900 $aMontini, Giovanni Battista,$cs.,$d1897-1978$91432 900 $aPaolo$bVI,$cpapa, b.,$d1897-1978$91432 910 $aPapi (1963-1978 : Paulus PP. VI)$91432 910 $aPapi (1963-1978 : Paulus PP. VI)$91432 941 1 $a8 961 $aINV: 62304; Legato con altri volumi 996 $6245$aAllocutiones Summi Pontifici Pauli VI ad patres synodales$9(OLS)http://pul/title/28997 996 $6260$aE Civitate Vaticana :$btypis polyglottis vaticanis$9(OLS)http://pul/publisher/56705